[Event "Saarland-ch Seniors 26th"]
[Site "Germany"]
[Date "2007.04.02"]
[Round "4"]
[White "Becker, Alois"]
[Black "Rubinov, Jakov"]
[Result "1/2-1/2"]
[WhiteElo "1655"]
[BlackElo "1822"]
[PlyCount "43"]
[EventDate "2007.03.30"]
[EventType "swiss"]
[EventRounds "9"]
[EventCountry "GER"]
[SourceTitle "EXT 2008"]
[Source "ChessBase"]
[SourceDate "2007.11.25"]
[SourceVersion "1"]
[SourceVersionDate "2007.11.25"]
[SourceQuality "1"]

1. Nf3 d5 2. g3 e6 3. Bg2 Nf6 4. 0-0 Bd6 5. d3 c5 6. Nbd2 e5 7. e4 dxe4 8. dxe4 Nc6 9. c3 0-0 10. Re1 Qe7 11. a4 h6 12. Nc4 Bc7 13. Qc2 Be6 14. Ne3 Rfd8 15. b3 Rd7 16. Ba3 b6 17. Bf1 a6 18. Red1 Rxd1 19. Rxd1 Na5 20. Nd2 Nb7 21. Nb1 Qe8 22. Bb2 1/2-1/2

[Event "Saarland-ch Seniors 26th"]
[Site "Germany"]
[Date "2007.03.30"]
[Round "1"]
[White "Rubinov, Jakov"]
[Black "Gross, Ernst"]
[Result "1-0"]
[WhiteElo "1822"]
[BlackElo "1584"]
[PlyCount "111"]
[EventDate "2007.03.30"]
[EventType "swiss"]
[EventRounds "9"]
[EventCountry "GER"]
[SourceTitle "EXT 2008"]
[Source "ChessBase"]
[SourceDate "2007.11.25"]
[SourceVersion "1"]
[SourceVersionDate "2007.11.25"]
[SourceQuality "1"]

1. d4 Nf6 2. c4 e6 3. Nc3 Bb4 4. a3 Bxc3+ 5. bxc3 0-0 6. Nf3 c5 7. e3 Qa5 8. Bd2 Ne4 9. Qc2 f5 10. Bd3 Nxd2 11. Nxd2 Nc6 12. Nb3 Qa4 13. Nxc5 Qxc2 14. Bxc2 b6 15. Nb3 Ba6 16. c5 Rac8 17. cxb6 axb6 18. Kd2 Ne7 19. Bd3 Bb7 20. f3 Bd5 21. Nc1 Rc7 22. Ne2 Rfc8 23. Rhb1 Rb8 24. a4 Nc8 25. e4 fxe4 26. fxe4 Bc4 27. Bxc4 Rxc4 28. Kd3 Rc7 29. Rb4 Ra8 30. e5 Rca7 31. c4 Ra5 32. Nc3 Kf7 33. Rab1 Ke7 34. Ke4 d6 35. Rb5 Kd7 36. Rxa5 Rxa5 37. g4 Ra6 38. h4 h6 39. g5 h5 40. Rf1 Ke8 41. Rb1 Kd7 42. Rf1 Ke8 43. Ra1 Kd7 44. Nb5 Ra5 45. exd6 Nxd6+ 46. Nxd6 Kxd6 47. Rb1 Kc6 48. d5+ exd5+ 49. cxd5+ Kc7 50. Rb4 g6 51. Ke5 Ra6 52. Rc4+ Kd7 53. d6 Ra5+ 54. Kf6 Kxd6 55. Kxg6 Kd5 56. Rb4 1-0

[Event "Saarland-ch Seniors 25th "]
[Site "Wadg/Hostenbach"]
[Date "2006.04.14"]
[Round "8"]
[White "Passeier, Helmut"]
[Black "Rubinov, Jakov"]
[Result "1/2-1/2"]
[WhiteElo "1888"]
[BlackElo "1822"]
[PlyCount "53"]
[EventDate "2006.04.07"]
[EventType "swiss"]
[EventRounds "9"]
[EventCountry "GER"]
[SourceTitle "EXT 2007"]
[Source "ChessBase"]
[SourceDate "2006.11.23"]
[SourceVersion "1"]
[SourceVersionDate "2006.11.23"]
[SourceQuality "1"]

1. e4 e6 2. d4 d5 3. exd5 exd5 4. Bd3 Nf6 5. Nd2 c6 6. Ngf3 Bd6 7. 0-0 0-0 8. h3 h6 9. Re1 Qc7 10. c4 Be6 11. c5 Be7 12. Ne5 Qc8 13. Qf3 Nbd7 14. Bc2 Nxe5 15. dxe5 Nh7 16. Qd3 g6 17. Qe3 h5 18. Nf3 Bf5 19. Bxf5 Qxf5 20. Nd4 Qc8 21. Qc3 Re8 22. Bh6 Bg5 23. Bxg5 Nxg5 24. Re3 Qd7 25. f4 Ne4 26. Qc2 Qe7 27. Rc1 1/2-1/2

[Event "Saarland-ch Seniors 25th "]
[Site "Wadg/Hostenbach"]
[Date "2006.04.12"]
[Round "6"]
[White "Rubinov, Jakov"]
[Black "Lang, Hermann"]
[Result "1-0"]
[WhiteElo "1822"]
[BlackElo "1724"]
[PlyCount "83"]
[EventDate "2006.04.07"]
[EventType "swiss"]
[EventRounds "9"]
[EventCountry "GER"]
[SourceTitle "EXT 2007"]
[Source "ChessBase"]
[SourceDate "2006.11.23"]
[SourceVersion "1"]
[SourceVersionDate "2006.11.23"]
[SourceQuality "1"]

1. d4 Nf6 2. Bf4 d5 3. e3 Bf5 4. Bd3 Bg6 5. Nf3 Nbd7 6. 0-0 e6 7. Bxg6 hxg6 8. Nbd2 Nh5 9. Bg5 Be7 10. Bxe7 Qxe7 11. c4 c6 12. Rc1 g5 13. Ne1 f5 14. f3 Nhf6 15. Rf2 Qd6 16. g3 f4 17. exf4 gxf4 18. g4 g5 19. c5 Qe7 20. Nd3 Qh7 21. Qe2 0-0-0 22. b4 Rde8 23. Re1 Qf7 24. a4 Rh3 25. b5 Qh7 26. Nf1 Nxg4 27. Rg2 Ngf6 28. Rxg5 Rh5 29. Rg2 Qf5 30. bxc6 bxc6 31. Ne5 Nxe5 32. Qa6+ Kd8 33. Rxe5 Qh7 34. Rxh5 Nxh5 35. Qxc6 Qc7 36. Qb5 e5 37. c6 exd4 38. Qxd5+ Kc8 39. Qxh5 Qxc6 40. Qf5+ Kb7 41. Rg7+ Ka8 42. Qf7 1-0

[Event "Saarland-ch Seniors 25th "]
[Site "Wadg/Hostenbach"]
[Date "2006.04.09"]
[Round "3"]
[White "Becking, Alfred"]
[Black "Rubinov, Jakov"]
[Result "1-0"]
[WhiteElo "1996"]
[BlackElo "1822"]
[PlyCount "67"]
[EventDate "2006.04.07"]
[EventType "swiss"]
[EventRounds "9"]
[EventCountry "GER"]
[SourceTitle "EXT 2007"]
[Source "ChessBase"]
[SourceDate "2006.11.23"]
[SourceVersion "1"]
[SourceVersionDate "2006.11.23"]
[SourceQuality "1"]

1. d4 d5 2. Nf3 Bf5 3. c4 e6 4. Nc3 Nf6 5. Qb3 b6 6. Bg5 dxc4 7. Qxc4 Be7 8. g3 h6 9. Bxf6 Bxf6 10. Bg2 Nd7 11. 0-0 Rc8 12. e4 Bh7 13. e5 Be7 14. d5 exd5 15. Nxd5 0-0 16. Rfd1 c6 17. Nf4 Qe8 18. Bh3 Rc7 19. e6 Nc5 20. Ne5 f5 21. Nd7 b5 22. Qe2 Nxd7 23. exd7 Qf7 24. Ne6 Bd8 25. Nxf8 Kxf8 26. Qd2 Qe7 27. Rac1 Kf7 28. Rc3 g5 29. Re3 Qf6 30. Qd6 Rb7 31. Qxf6+ Kxf6 32. Re8 Rb8 33. Rd6+ Kg7 34. Rxc6 1-0

[Event "Saarland-ch Seniors 25th "]
[Site "Wadg/Hostenbach"]
[Date "2006.04.07"]
[Round "1"]
[White "Schmitt, Josef"]
[Black "Rubinov, Jakov"]
[Result "0-1"]
[WhiteElo "1587"]
[BlackElo "1822"]
[PlyCount "96"]
[EventDate "2006.04.07"]
[EventType "swiss"]
[EventRounds "9"]
[EventCountry "GER"]
[SourceTitle "EXT 2007"]
[Source "ChessBase"]
[SourceDate "2006.11.23"]
[SourceVersion "1"]
[SourceVersionDate "2006.11.23"]
[SourceQuality "1"]

1. d4 d5 2. Nf3 Bf5 3. e3 e6 4. Bd3 Bxd3 5. Qxd3 c6 6. Nbd2 f5 7. Ne5 Nd7 8. Nxd7 Qxd7 9. Qe2 Nf6 10. b3 Bb4 11. 0-0 0-0 12. Bb2 Bd6 13. c4 Rae8 14. Rac1 Qf7 15. cxd5 exd5 16. a3 Qg6 17. h3 f4 18. Nf3 Nd7 19. Rcd1 Qh6 20. Bc1 Nf6 21. b4 a6 22. Rd3 g5 23. Ne5 Bxe5 24. dxe5 Rxe5 25. Bb2 Re6 26. Bxf6 Qxf6 27. Qf3 Re4 28. Rfd1 Rfe8 29. exf4 Rxf4 30. Qg3 Kf7 31. R3d2 Qe5 32. Qd3 Kg7 33. Qc2 Re4 34. g3 Re1+ 35. Rxe1 Qxe1+ 36. Kg2 Qe4+ 37. Qxe4 Rxe4 38. Kf3 Kf6 39. Rb2 Ke5 40. a4 h5 41. Kg2 Kd4 42. f3 Re7 43. Kf2 Kc3 44. Rb1 d4 45. b5 axb5 46. axb5 c5 47. f4 gxf4 48. gxf4 d3 0-1

[Event "Saarland-ch Seniors 24th"]
[Site "Steinrausch"]
[Date "2005.03.18"]
[Round "1"]
[White "Backes, Robert"]
[Black "Rubinov, Jakov"]
[Result "0-1"]
[WhiteElo "1565"]
[BlackElo "1801"]
[PlyCount "50"]
[EventDate "2005.03.18"]
[EventType "swiss"]
[EventRounds "9"]
[EventCountry "GER"]
[SourceTitle "EXT 2006"]
[Source "ChessBase"]
[SourceDate "2005.11.24"]
[SourceVersion "1"]
[SourceVersionDate "2005.11.24"]
[SourceQuality "1"]

1. e4 e6 2. d4 d5 3. e5 c5 4. c3 Nc6 5. Nf3 cxd4 6. cxd4 Bb4+ 7. Nc3 h6 8. Bb5 a6 9. Qa4 Bxc3+ 10. bxc3 Bd7 11. Bxc6 Bxc6 12. Qb3 Ne7 13. Ba3 0-0 14. Bxe7 Qxe7 15. 0-0 Rfc8 16. Rfc1 b5 17. Ne1 a5 18. Nd3 Rab8 19. a3 Qa7 20. Nc5 Rb6 21. Qd1 a4 22. Qg4 Be8 23. Nxe6 fxe6 24. f4 Bd7 25. Qh4 Rbc6 0-1

[Event "Saarland-ch Seniors 23rd"]
[Site "Saarlouis"]
[Date "2004.04.04"]
[Round "3"]
[White "Pook, Rainer"]
[Black "Rubinov, Jakov"]
[Result "0-1"]
[WhiteElo "1627"]
[BlackElo "1814"]
[PlyCount "62"]
[EventDate "2004.04.02"]
[EventType "swiss"]
[EventRounds "9"]
[EventCountry "GER"]
[SourceTitle "CBM 099 Extra"]
[Source "ChessBase"]
[SourceDate "2004.05.04"]
[SourceVersion "1"]
[SourceVersionDate "2004.05.04"]
[SourceQuality "1"]

1. d4 d5 2. e4 dxe4 3. Nc3 e6 4. Nxe4 Nd7 5. Bd3 Ngf6 6. Ne2 Nxe4 7. Bxe4 Nf6 8. Bf3 c6 9. 0-0 Bd6 10. Ng3 Qc7 11. c4 0-0 12. Bg5 Be7 13. Bxf6 Bxf6 14. Ne4 Be7 15. Qc2 e5 16. dxe5 Qxe5 17. Rfe1 Qc7 18. Ng3 Be6 19. Be4 h6 20. Re2 Bd6 21. Rae1 Kh8 22. Re3 Be5 23. Rd1 Rad8 24. Rxd8 Rxd8 25. Rd3 Rxd3 26. Qxd3 Qd7 27. Qxd7 Bxd7 28. Bf5 Be8 29. Bc8 b6 30. Kf1 Kg8 31. Ke2 Kf8 0-1

[Event "Voelklingen ST-ch"]
[Site "Voelklingen"]
[Date "2003.04.15"]
[Round "4.4"]
[White "Rubinov, Jakov"]
[Black "Schampel, Arno"]
[Result "1-0"]
[WhiteElo "1747"]
[BlackElo "1660"]
[PlyCount "49"]
[EventDate "2003.04.11"]
[EventType "swiss"]
[EventRounds "7"]
[EventCountry "GER"]
[SourceTitle "EXT 2004"]
[Source "ChessBase"]
[SourceDate "2003.11.25"]
[SourceVersion "1"]
[SourceVersionDate "2003.11.25"]
[SourceQuality "1"]

1. d4 Nf6 2. c4 g6 3. Nc3 Bg7 4. e4 d6 5. Nf3 0-0 6. Be2 Nbd7 7. 0-0 c5 8. d5 Ng4 9. h3 Nge5 10. Be3 Nxf3+ 11. Bxf3 Ne5 12. Be2 f5 13. f4 Nf7 14. exf5 Bxf5 15. g4 Bd7 16. Kg2 e5 17. Qd2 exf4 18. Bxf4 Qe7 19. Rae1 Be5 20. Bd3 Qh4 21. Qf2 Qxf2+ 22. Rxf2 Bd4 23. Rff1 Be5 24. Bxe5 Nxe5 25. Be2 1-0

[Event "Voelklingen ST-ch"]
[Site "Voelklingen"]
[Date "2003.04.14"]
[Round "3.2"]
[White "Moeckel, Edgar"]
[Black "Rubinov, Jakov"]
[Result "1/2-1/2"]
[WhiteElo "1997"]
[BlackElo "1747"]
[PlyCount "97"]
[EventDate "2003.04.11"]
[EventType "swiss"]
[EventRounds "7"]
[EventCountry "GER"]
[SourceTitle "EXT 2004"]
[Source "ChessBase"]
[SourceDate "2003.11.25"]
[SourceVersion "1"]
[SourceVersionDate "2003.11.25"]
[SourceQuality "1"]

1. d4 d5 2. Nf3 Bf5 3. c4 c6 4. Nc3 e6 5. Qb3 Qb6 6. Qxb6 axb6 7. cxd5 exd5 8. e3 b5 9. b3 Nf6 10. Nh4 Be6 11. Bd3 g6 12. 0-0 Be7 13. Nf3 0-0 14. Bb2 Ba3 15. Bxa3 Rxa3 16. Ne1 Nbd7 17. Nc2 Ra7 18. Nb4 Rfa8 19. Rad1 Kf8 20. h3 Nb6 21. g4 Kg7 22. f4 Bd7 23. Kg2 Re8 24. Kf3 Raa8 25. g5 Ne4 26. Bxe4 dxe4+ 27. Nxe4 Bxh3 28. Rh1 Bg2+ 29. Kxg2 Rxe4 30. Kf2 Rae8 31. Rh3 h5 32. gxh6+ Kh7 33. Rg1 R8e6 34. Rg5 f6 35. Rc5 Re8 36. Rc3 g5 37. fxg5 fxg5 38. Rf3 R8e7 39. Rf6 Rh4 40. Rc1 Rxh6 41. Rxh6+ Kxh6 42. Kf3 Kg6 43. e4 Nd7 44. Nd3 Rf7+ 45. Ke3 Re7 46. Rf1 Rh7 47. e5 Rh3+ 48. Ke4 Rh4+ 49. Ke3 1/2-1/2